Welcome to the Holygrace Academy Library

Please use search bar below to get started

ABOUT THE FARM (Record no. 4686)

MARC details
000 -LEADER
fixed length control field 00255nam a22001217a 4500
020 ## - INTERNATIONAL STANDARD BOOK NUMBER
ISBN 0-7214-1661-6
082 ## - DEWEY DECIMAL CLASSIFICATION NUMBER
Classification number 823
Item number HAR/A
100 ## - MAIN ENTRY--AUTHOR NAME
Personal name HARDING, JACQUELINE
245 ## - TITLE STATEMENT
Title ABOUT THE FARM
260 ## - PUBLICATION, DISTRIBUTION, ETC. (IMPRINT)
Place of publication UK
650 ## - SUBJECT ADDED ENTRY--TOPICAL TERM
Topical Term ENGLISH SHORT STORY
Form subdivision UK
942 ## - ADDED ENTRY ELEMENTS (KOHA)
Koha item type Books
Holdings
Withdrawn status Lost status Collection code Home library Current library Shelving location Date acquired Source of acquisition Full call number Accession Number Koha item type
    Fiction Main Library Main Library SHELF-3-H-LADYBIRD STORY BOOKS 14/05/2014 PURCHASE 823 HAR/A 08938 Books
    Fiction Main Library Main Library SHELF-3-H-LADYBIRD STORY BOOKS 13/05/2014 PURCHASE 823 HAR/A 08924 Books